| 000 | nam a22 a 4500 | ||
|---|---|---|---|
| 999 |
_c3484 _d3484 |
||
| 005 | 20170523093453.0 | ||
| 008 | 170523b1990 - ||||| |||| 00| 0 eng d | ||
| 020 | _a0201105284 | ||
| 040 | _aAKMAL | ||
| 082 | _a658.4'5 SKO | ||
| 090 |
_a658.4'5 _bSKO |
||
| 245 |
_aCOMMUNICATE FOR SUCCESS _bHOW TO MANAGE, MOTIVATE AND LEAD YOUR PEOPLE _cERIC W. SKOPEC |
||
| 260 |
_aCANADA _bADDISON-WESLEY PUBLISHING COMPANY _c1990 |
||
| 300 |
_a196pg,; _c20 cm |
||
| 650 |
_aCOMMUNICATION _9486 |
||
| 942 |
_2ddc _cBOOK |
||